[Event "Youth Classic 2019 - Youth Open U14"]
[Site "Bad Soden, Hasselgrundhalle"]
[Date "2019.10.04"]
[Round "4.17"]
[White "Atar, Efecan"]
[Black "Rodermel, Leonie"]
[Result "1-0"]
[WhiteElo "1417"]
[BlackElo "1066"]
[PlyCount "99"]
[EventDate "2019.??.??"]
[WhiteTeam "SK Kerpen"]
[BlackTeam "SV Oberursel"]

1. d4 d5 2. c4 c6 3. Nf3 Nf6 4. Nc3 Bf5 5. cxd5 cxd5 6. Qb3 Qd7 7. Ne5 Qc8 8.
Nxd5 Nxd5 9. Qxd5 e6 10. Qb5+ Nd7 11. Bf4 a6 12. Qxd7+ Qxd7 13. Nxd7 Kxd7 14.
e3 Bb4+ 15. Ke2 Rac8 16. a3 Rc2+ 17. Kf3 Bd6 18. Bxd6 Kxd6 19. e4 Bg6 20. Bd3
Rxb2 21. Rhb1 Rxb1 22. Rxb1 b5 23. a4 bxa4 24. Ra1 a5 25. Rxa4 Ra8 26. g4 f6
27. h4 h5 28. e5+ fxe5 29. dxe5+ Kxe5 30. Bxg6 hxg4+ 31. Kxg4 Kf6 32. h5 e5 33.
Kf3 Kg5 34. Ke4 Kf6 35. Kd5 Rd8+ 36. Kc6 Rd2 37. f4 exf4 38. Rxf4+ Ke7 39. Rf7+
Ke6 40. Rxg7 Rd6+ 41. Kc7 a4 42. h6 a3 43. h7 a2 44. Bf7+ Kf6 45. h8=Q a1=Q 46.
Rg1+ Ke7 47. Rxa1 Rd7+ 48. Kc6 Rd6+ 49. Kc5 Kd7 50. Ra7# 1-0

[Event "Youth Classic 2019 - Youth Open U14"]
[Site "Bad Soden, Hasselgrundhalle"]
[Date "2019.10.04"]
[Round "4.19"]
[White "Bernig Le Duigou, Vincent"]
[Black "Akhmatovski, Maxim"]
[Result "0-1"]
[WhiteElo "1222"]
[BlackElo "1359"]
[PlyCount "49"]
[EventDate "2019.??.??"]
[WhiteTeam "SV Oberursel"]
[BlackTeam "SV Oberursel"]

1. d4 d5 2. c4 e6 3. cxd5 exd5 4. Nc3 Nf6 5. Bg5 Be7 6. e3 O-O 7. Bd3 Bg4 8. f3
Be6 9. h3 Nh5 10. f4 Ng3 11. Rh2 Bxg5 12. fxg5 Qxg5 13. Qf3 Nc6 14. h4 Qg4 15.
Qxg4 Bxg4 16. Nxd5 Rac8 17. Bb5 Rfe8 18. Ne2 Nxe2 19. Bxe2 Bxe2 20. Kxe2 Nxd4+
21. Kf2 Nf5 22. h5 c6 23. g4 cxd5 24. gxf5 Rc2+ 25. Kg3 0-1

[Event "Youth Classic 2019 - Youth Open U14"]
[Site "Bad Soden, Hasselgrundhalle"]
[Date "2019.10.04"]
[Round "4.20"]
[White "Stiehl, Richard"]
[Black "Riemann, Adrian"]
[Result "0-1"]
[WhiteElo "1243"]
[BlackElo "1105"]
[PlyCount "98"]
[EventDate "2019.??.??"]
[WhiteTeam "SV Multatuli Ingelheim e.V."]
[BlackTeam "SK Bickenbach"]

1. e4 e6 2. d4 d5 3. e5 c5 4. c3 Nc6 5. Nf3 Qb6 6. Bd3 Bd7 7. b3 cxd4 8. cxd4
Nxd4 9. Be3 Nxf3+ 10. Qxf3 Bc5 11. O-O Bxe3 12. fxe3 Nh6 13. Kh1 O-O 14. Qh3
Bb5 15. Bxb5 Qxb5 16. Nc3 Qd3 17. Rac1 Qg6 18. Rf3 Qg4 19. Qxg4 Nxg4 20. Rg3
Nxe5 21. Nb5 Rac8 22. Rxc8 Rxc8 23. h3 Rc2 24. a4 Rb2 25. e4 dxe4 26. Re3 f5
27. Nxa7 Nd3 28. g4 Rxb3 29. Kg2 Nf4+ 30. Kf2 Rxe3 31. Kxe3 Nxh3 32. gxf5 exf5
33. Nc8 g6 34. a5 Kf8 35. Nd6 Ke7 36. Nxb7 Kd7 37. a6 Kc7 38. Nc5 Kb6 39. Ne6
g5 40. Ng7 f4+ 41. Kxe4 g4 42. Nh5 f3 43. Ke3 Ka7 44. Ng3 Kxa6 45. Ke4 f2 46.
Kf5 h5 47. Ke4 h4 48. Nf1 Ng5+ 49. Kf4 g3 0-1

[Event "Youth Classic 2019 - Youth Open U14"]
[Site "Bad Soden, Hasselgrundhalle"]
[Date "2019.10.04"]
[Round "4.21"]
[White "Tychyna, Margarita"]
[Black "Li, Toplink"]
[Result "1-0"]
[WhiteElo "1088"]
[BlackElo "987"]
[PlyCount "77"]
[EventDate "2019.??.??"]
[WhiteTeam "SK Bad Homburg"]
[BlackTeam "Frankfurter TV"]

1. e4 e5 2. Nf3 Nc6 3. d4 exd4 4. Nxd4 Bc5 5. Nb3 Bb6 6. a4 Qh4 7. Qe2 Nd4 8.
g3 Qe7 9. Nxd4 Bxd4 10. Bg2 d6 11. c3 Bf6 12. O-O c6 13. Bf4 Bd7 14. Re1 Be5
15. Bxe5 dxe5 16. Nd2 Nf6 17. Rad1 O-O 18. Nf3 c5 19. b3 Bc6 20. Nh4 g5 21. Nf5
Qe6 22. Qe3 Ng4 23. Qxg5+ Qg6 24. Ne7+ Kg7 25. Nxg6 fxg6 26. Qxg4 h5 27. Qe6
Rae8 28. Qd6 Rf6 29. Qxc5 b6 30. Qc4 Ref8 31. f4 exf4 32. gxf4 Rxf4 33. Qxc6
R4f7 34. Rf1 Rf4 35. Rxf4 Rxf4 36. Qc7+ Kf6 37. Qxf4+ Kg7 38. Rd7+ Kg8 39. Qb8#
1-0

[Event "Youth Classic 2019 - Youth Open U14"]
[Site "Bad Soden, Hasselgrundhalle"]
[Date "2019.10.04"]
[Round "4.22"]
[White "Müller, Mirelle-Fabienne"]
[Black "Melchior, Christopher"]
[Result "0-1"]
[WhiteElo "870"]
[BlackElo "1229"]
[PlyCount "38"]
[EventDate "2019.??.??"]
[WhiteTeam "SC Landskrone"]
[BlackTeam "SK Gernsheim"]

1. e4 e5 2. Nf3 Nc6 3. Bc4 Bc5 4. d3 Nf6 5. Bg5 d6 6. Nc3 Be6 7. Bxe6 fxe6 8.
O-O h6 9. Bxf6 Qxf6 10. a3 O-O-O 11. b4 Bd4 12. Nxd4 Nxd4 13. Ne2 Nxe2+ 14.
Qxe2 h5 15. c4 h4 16. c5 h3 17. g3 Rhf8 18. Qc2 Qf3 19. cxd6 Qg2# 0-1

[Event "Youth Classic 2019 - Youth Open U14"]
[Site "Bad Soden, Hasselgrundhalle"]
[Date "2019.10.04"]
[Round "4.23"]
[White "Roos Nazario, Lukas"]
[Black "Chhajed, Divyam"]
[Result "0-1"]
[WhiteElo "807"]
[BlackElo "1112"]
[PlyCount "68"]
[EventDate "2019.??.??"]
[WhiteTeam "TTC Grün-Weiß Fritzdorf"]
[BlackTeam "SK Bickenbach"]

1. e4 c5 2. Nc3 Nc6 3. Nf3 b6 4. d3 g6 5. Bd2 Bg7 6. Be2 e6 7. O-O Nge7 8. Re1
Bb7 9. Rb1 d5 10. Bf1 d4 11. Ne2 Ne5 12. Nxe5 Bxe5 13. c4 Qc7 14. g3 h6 15. Bg2
f5 16. f3 Bc6 17. Rf1 b5 18. b3 Bf6 19. Nf4 Bg5 20. Nxe6 Qd6 21. Nxg5 hxg5 22.
Bxg5 Kd7 23. Re1 fxe4 24. fxe4 Rh5 25. e5 Qe6 26. Bxc6+ Nxc6 27. Bf4 Rah8 28.
Re2 g5 29. Bc1 Nxe5 30. Rbb2 Nf3+ 31. Kg2 Rxh2+ 32. Kxf3 g4+ 33. Kf4 Rf8+ 34.
Kg5 Qf5# 0-1

[Event "Youth Classic 2019 - Youth Open U14"]
[Site "Bad Soden, Hasselgrundhalle"]
[Date "2019.10.04"]
[Round "4.24"]
[White "Meinecke, Isabella"]
[Black "Haller, Andreas"]
[Result "0-1"]
[WhiteElo "800"]
[BlackElo "1087"]
[PlyCount "84"]
[EventDate "2019.??.??"]
[WhiteTeam "SV Turm Sankt Augustin"]
[BlackTeam "SC Bad Soden"]

1. e4 e5 2. Nf3 Nc6 3. Nc3 Nf6 4. Be2 d5 5. d3 Bb4 6. O-O Bxc3 7. bxc3 dxe4 8.
dxe4 Qxd1 9. Rxd1 Nxe4 10. c4 O-O 11. Ba3 Re8 12. Bd3 Nf6 13. Bb2 e4 14. Bxf6
gxf6 15. Re1 Bf5 16. Nh4 exd3 17. Nxf5 Rxe1+ 18. Rxe1 dxc2 19. Ne3 Nd4 20. Kf1
Rd8 21. Rc1 Kg7 22. Nxc2 Nxc2 23. Rxc2 Rd4 24. c5 c6 25. Re2 Rd1+ 26. Re1 Rxe1+
27. Kxe1 b6 28. cxb6 axb6 29. Ke2 f5 30. Ke3 Kf6 31. Kd4 Ke6 32. a4 Kd6 33. f4
f6 34. g3 h6 35. h3 b5 36. a5 c5+ 37. Ke3 Kc6 38. g4 fxg4 39. hxg4 Kb7 40. Ke4
b4 41. Kd5 b3 42. Kxc5 b2 0-1

[Event "Youth Classic 2019 - Youth Open U14"]
[Site "Bad Soden, Hasselgrundhalle"]
[Date "2019.10.04"]
[Round "4.25"]
[White "Tobias, Karolin"]
[Black "Munteanu, Rares"]
[Result "1-0"]
[WhiteElo "1261"]
[BlackElo "871"]
[PlyCount "49"]
[EventDate "2019.??.??"]
[WhiteTeam "SV Oberursel"]
[BlackTeam "SK Bickenbach"]

1. e4 e6 2. Nf3 d5 3. exd5 exd5 4. d4 Nc6 5. Nc3 Nf6 6. Bg5 Bg4 7. Be2 Be7 8.
O-O Ne4 9. Bxe7 Qxe7 10. Nxd5 O-O-O 11. Nxe7+ Nxe7 12. Qd3 Bf5 13. Qe3 Rhe8 14.
Bd3 Nd6 15. Bxf5+ Nexf5 16. Qf4 Re2 17. Rfe1 Rxc2 18. d5 Rxb2 19. Qa4 Kb8 20.
Ne5 Rd2 21. Nc4 Rxd5 22. Rab1 g6 23. Qc6 Rd4 24. Rec1 Kc8 25. Nxd6+ 1-0

[Event "Youth Classic 2019 - Youth Open U14"]
[Site "Bad Soden, Hasselgrundhalle"]
[Date "2019.10.04"]
[Round "4.26"]
[White "Wagner, Maribel"]
[Black "Radutny, Alexej"]
[Result "0-1"]
[WhiteElo "760"]
[BlackElo "1023"]
[PlyCount "94"]
[EventDate "2019.??.??"]
[WhiteTeam "SC Bad Soden"]
[BlackTeam "SK Bad Homburg"]

1. e4 e6 2. Nc3 d5 3. exd5 exd5 4. d4 Nf6 5. Nf3 Nc6 6. Bf4 Bf5 7. Bb5 a6 8.
Ba4 b5 9. Bb3 Nb4 10. Qe2+ Be7 11. O-O O-O 12. Bg5 h6 13. Nh4 Bxc2 14. Bxf6
Bxf6 15. Nf3 Bd3 16. Qd2 Bxf1 17. Rxf1 Rc8 18. a3 Nc6 19. Bc2 Bg5 20. Qd3 g6
21. Nxd5 Qxd5 22. Bd1 Nxd4 23. Nxd4 Rcd8 24. Bf3 Qxd4 25. Qxd4 Rxd4 26. Bb7 a5
27. b4 axb4 28. axb4 Rxb4 29. Rc1 Bxc1 30. h3 Bf4 31. Kf1 Rb1+ 32. Ke2 b4 33.
Bd5 Re8+ 34. Kf3 b3 35. Bxb3 Rxb3+ 36. Kxf4 c5 37. f3 c4 38. g4 c3 39. Kg3 c2
40. h4 h5 41. gxh5 gxh5 42. Kf4 c1=Q+ 43. Kg3 Rxf3+ 44. Kxf3 Qe3+ 45. Kg2 Qf4
46. Kg1 Qd2 47. Kf1 Re1# 0-1

[Event "Youth Classic 2019 - Youth Open U14"]
[Site "Bad Soden, Hasselgrundhalle"]
[Date "2019.10.04"]
[Round "4.29"]
[White "Chen, Marvin"]
[Black "Malsy, Lotte"]
[Result "1-0"]
[WhiteElo "914"]
[BlackElo "793"]
[PlyCount "47"]
[EventDate "2019.??.??"]
[WhiteTeam "SC Bad Soden"]
[BlackTeam "SC Bad Soden"]

1. e4 e5 2. Nf3 Nc6 3. Bc4 Nf6 4. Ng5 d5 5. exd5 Nxd5 6. d3 Bb4+ 7. Bd2 O-O 8.
a3 Bxd2+ 9. Qxd2 Nf4 10. Nf3 Qe7 11. O-O Be6 12. Bxe6 Qxe6 13. g3 Nd4 14. Nxd4
exd4 15. Qxf4 Qd6 16. Qxd6 cxd6 17. c3 dxc3 18. Nxc3 Rfe8 19. Rae1 h6 20. Nd5
Rac8 21. Ne7+ Kh7 22. Nxc8 Rxc8 23. Rc1 Rd8 24. Rc7 1-0

[Event "Youth Classic 2019 - Youth Open U14"]
[Site "Bad Soden, Hasselgrundhalle"]
[Date "2019.10.04"]
[Round "4.31"]
[White "Püschel-Esparza, Mateo"]
[Black "Fischer, Frederik"]
[Result "1-0"]
[WhiteElo "1085"]
[BlackElo "878"]
[PlyCount "131"]
[EventDate "2019.??.??"]
[WhiteTeam "SC Landskrone"]
[BlackTeam "SV Oberursel"]

1. d4 d5 2. Bf4 Nf6 3. e3 Nc6 4. Be2 Bf5 5. c3 g6 6. Nf3 Bg7 7. Nbd2 O-O 8. O-O
Ne4 9. Ne5 Nxe5 10. dxe5 e6 11. h3 Nxd2 12. Qxd2 g5 13. e4 gxf4 14. exf5 Bxe5
15. fxe6 fxe6 16. Bg4 Qd7 17. Rfe1 Qd6 18. Rac1 Rac8 19. c4 d4 20. c5 Qd5 21.
Qe2 Rce8 22. Qxe5 Qxe5 23. Rxe5 Rf6 24. Rg5+ Kf7 25. Bh5+ Rg6 26. Bxg6+ hxg6
27. Re1 Rd8 28. Rd1 d3 29. Rg4 e5 30. g3 fxg3 31. Rxg3 d2 32. Re3 Kf6 33. Re2
Rd5 34. Rexd2 Rxc5 35. Rd5 Rc2 36. Re1 Rxb2 37. Rdxe5 Rxa2 38. Re6+ Kf7 39.
Re7+ Kf6 40. Rxc7 a5 41. Rxb7 a4 42. Ra7 a3 43. Kg2 g5 44. Re3 Kf5 45. Rexa3
Rxa3 46. Rxa3 g4 47. hxg4+ Kxg4 48. Ra4+ Kg5 49. Kf3 Kf5 50. Ra5+ Ke6 51. Kf4
Kd6 52. Ke4 Kc6 53. Kd4 Kb6 54. Rc5 Kb7 55. Kd5 Kb6 56. Rc1 Kb5 57. Rb1+ Ka5
58. Kc6 Ka4 59. Rb8 Ka5 60. Rb2 Ka4 61. Kc5 Ka3 62. Rb7 Ka4 63. Rb8 Ka3 64. Kc4
Ka2 65. Kc3 Ka1 66. Kc2 1-0

[Event "Youth Classic 2019 - Youth Open U14"]
[Site "Bad Soden, Hasselgrundhalle"]
[Date "2019.10.04"]
[Round "4.32"]
[White "Kramer, Theodor"]
[Black "Vucinec, Myla"]
[Result "1-0"]
[WhiteElo "862"]
[BlackElo "876"]
[PlyCount "147"]
[EventDate "2019.??.??"]
[WhiteTeam "SC Bad Soden"]
[BlackTeam "Sfr. Kelkheim"]

1. e4 e5 2. Nf3 Nc6 3. Bc4 Nf6 4. Nc3 Bc5 5. d3 d6 6. h3 Be6 7. Bg5 O-O 8. Nd5
Bxd5 9. Bxd5 Rb8 10. c3 h6 11. Bh4 Qe7 12. O-O Nd8 13. d4 c6 14. dxc5 cxd5 15.
cxd6 Qxd6 16. Bxf6 Qxf6 17. Qxd5 Nc6 18. Rad1 Rbd8 19. Qc5 b6 20. Qe3 Rfe8 21.
Nd2 Rd7 22. Nb3 Red8 23. Qe2 Rd6 24. Rd2 Na5 25. Rfd1 Nxb3 26. axb3 R8d7 27.
Rxd6 Rxd6 28. Rxd6 Qxd6 29. Kf1 Kf8 30. Ke1 Ke7 31. Qd2 Qg6 32. Qd5 f6 33. g3
f5 34. Qxe5+ Qe6 35. Qxe6+ Kxe6 36. exf5+ Kxf5 37. Ke2 Ke4 38. f3+ Ke5 39. Ke3
g5 40. h4 gxh4 41. gxh4 Kf5 42. Kf2 Kf4 43. b4 a6 44. c4 h5 45. b3 Ke5 46. Ke3
Kd6 47. Kd4 Ke6 48. c5 bxc5+ 49. bxc5 Kf5 50. c6 Kf4 51. c7 Kg3 52. c8=Q Kxh4
53. Qc1 Kg3 54. Qg1+ Kxf3 55. Kc5 Ke2 56. Qg5 Kd3 57. Qxh5 Kc3 58. Qd5 Kb2 59.
Kb6 Ka3 60. Kxa6 Kb4 61. Qb5+ Kc3 62. Qe5+ Kb4 63. Qb5+ Kc3 64. b4 Kb3 65. Qc5
Ka4 66. Qa5+ Kb3 67. b5 Kc4 68. b6 Kd4 69. b7 Kd3 70. b8=Q Kd4 71. Qbb4+ Kd3
72. Qaa3+ Ke2 73. Qbb2+ Kd1 74. Qaa1# 1-0

[Event "Youth Classic 2019 - Youth Open U14"]
[Site "Bad Soden, Hasselgrundhalle"]
[Date "2019.10.04"]
[Round "4.33"]
[White "Novoselov, Mikhail"]
[Black "Pöpplow, Peer"]
[Result "0-1"]
[WhiteElo "825"]
[BlackElo "816"]
[PlyCount "100"]
[EventDate "2019.??.??"]
[WhiteTeam "SK Bad Homburg"]
[BlackTeam "Chess Tigers"]

1. e4 e5 2. Nf3 Nc6 3. Bc4 Nf6 4. Nc3 Bc5 5. O-O O-O 6. Rb1 d6 7. d3 Bg4 8. h3
Bxf3 9. Qxf3 Nd4 10. Qd1 c6 11. Be3 h6 12. Bxd4 Bxd4 13. Ne2 c5 14. Nxd4 cxd4
15. c3 d5 16. exd5 Nxd5 17. Qb3 Nf4 18. cxd4 exd4 19. Rfe1 Qg5 20. g3 Nxh3+ 21.
Kg2 Qg4 22. Re7 Ng5 23. Rh1 Qf3+ 24. Kg1 Rae8 25. Rxe8 Rxe8 26. Be6 Rxe6 27.
Qxe6 fxe6 28. Kf1 Qd1+ 29. Kg2 Qf3+ 30. Kg1 Qxd3 31. Kh2 Qf5 32. Kg1 d3 33. Kg2
Qf3+ 34. Kg1 d2 35. Kh2 d1=R 36. Rxd1 Qxd1 37. b4 Qa4 38. f4 Ne4 39. g4 Qxa2+
40. Kh3 Qc4 41. g5 hxg5 42. fxg5 Nxg5+ 43. Kg3 Qxb4 44. Kg2 a5 45. Kf2 a4 46.
Ke2 a3 47. Kd1 a2 48. Ke2 Qb3 49. Ke1 Qb2 50. Kd1 a1=R# 0-1

[Event "Youth Classic 2019 - Youth Open U14"]
[Site "Bad Soden, Hasselgrundhalle"]
[Date "2019.10.05"]
[Round "5.1"]
[White "Klugstedt, Vincent C."]
[Black "Haller, Christian"]
[Result "1-0"]
[WhiteElo "1865"]
[BlackElo "1325"]
[PlyCount "79"]
[EventDate "2019.??.??"]
[WhiteTeam "SG Bochum"]
[BlackTeam "SC Bad Soden"]

1. d4 Nf6 2. c4 e6 3. Nc3 d5 4. cxd5 exd5 5. Bg5 Be7 6. e3 O-O 7. Bd3 Nbd7 8.
Nf3 c5 9. O-O b6 10. Qc2 Bd6 11. Nxd5 h6 12. Nxf6+ Nxf6 13. Bxf6 Qxf6 14. Be4
Rb8 15. Rfd1 Bg4 16. dxc5 bxc5 17. b3 h5 18. h3 Bxf3 19. Bxf3 h4 20. Rac1 Qe5
21. Rd5 Qe7 22. Be4 Rfe8 23. Bh7+ Kf8 24. Qf5 Qe6 25. Rcd1 Qxf5 26. Bxf5 Re5
27. Rxd6 Rxf5 28. Rd8+ Rxd8 29. Rxd8+ Ke7 30. Ra8 Rd5 31. Rxa7+ Ke6 32. Kf1 Rd2
33. Rc7 Kd6 34. Rxf7 Rxa2 35. Rxg7 Kc6 36. f4 Rb2 37. f5 Rxb3 38. f6 Rb8 39. f7
Rb7 40. f8=Q 1-0

[Event "Youth Classic 2019 - Youth Open U14"]
[Site "Bad Soden, Hasselgrundhalle"]
[Date "2019.10.05"]
[Round "5.2"]
[White "Colditz, Elias"]
[Black "Weyerer, Noah"]
[Result "1-0"]
[WhiteElo "1676"]
[BlackElo "1362"]
[PlyCount "97"]
[EventDate "2019.??.??"]
[WhiteTeam "SV Multatuli Ingelheim e.V."]
[BlackTeam "SV Oberursel"]

1. e4 e6 2. d4 d5 3. exd5 exd5 4. Bd3 c5 5. dxc5 Bxc5 6. Nf3 Ne7 7. O-O h6 8.
Bf4 Nbc6 9. Nc3 a6 10. h3 Bd6 11. Bxd6 Qxd6 12. Re1 O-O 13. Re2 Be6 14. a3 Rad8
15. Qe1 Qf4 16. Ne5 Nxe5 17. Rxe5 Nc6 18. Re2 Nd4 19. Re3 Rd6 20. Ne2 Nxe2+ 21.
Qxe2 Rb6 22. b3 Qd4 23. Qd1 Qf6 24. Rb1 Rc8 25. Qd2 Qe7 26. Qa5 Qd6 27. Rbe1
Rc5 28. Qa4 Bd7 29. Re8+ Bxe8 30. Rxe8+ Qf8 31. Rxf8+ Kxf8 32. Qd4 Rcc6 33.
Qxd5 Rd6 34. Qc5 Rbc6 35. Qe3 Re6 36. Qd2 Rcd6 37. Qb4 b5 38. Kh2 Ke8 39. a4
bxa4 40. Qxa4+ Ke7 41. f4 Rb6 42. Qa3+ Ke8 43. f5 Red6 44. Qa4+ Ke7 45. Qe4+
Kf8 46. Bc4 Rbc6 47. Qe3 Rf6 48. Qa7 Rb6 49. Bxf7 $138 1-0

[Event "Youth Classic 2019 - Youth Open U14"]
[Site "Bad Soden, Hasselgrundhalle"]
[Date "2019.10.05"]
[Round "5.3"]
[White "Burkart, Lloyd Shang"]
[Black "Markosyan, Aleksandr"]
[Result "0-1"]
[WhiteElo "1399"]
[BlackElo "1759"]
[PlyCount "156"]
[EventDate "2019.??.??"]
[WhiteTeam "TuS Makkabi"]
[BlackTeam "SG Idstein"]

1. d4 d5 2. c4 dxc4 3. e3 Nf6 4. Bxc4 a6 5. Nf3 Bg4 6. O-O e6 7. b3 Nc6 8. Bb2
Bd6 9. Nbd2 Bb4 10. Qc2 O-O 11. h3 Bh5 12. a3 Ba5 13. b4 Bb6 14. Rfe1 Re8 15.
Ne5 Nxe5 16. dxe5 Bg6 17. Qb3 Ne4 18. Nxe4 Bxe4 19. Rad1 Qg5 20. Bf1 Rad8 21.
Bd4 Bf3 22. Rd3 Be4 23. Rdd1 Bxd4 24. exd4 Bd5 25. Qe3 Qg6 26. Qd3 Qg5 27. Qe3
Qe7 28. Rc1 Rd7 29. Red1 Red8 30. Bc4 Bc6 31. Rd2 Ba4 32. Rc3 Qh4 33. Rcd3 Bc6
34. Qg3 Qxg3 35. fxg3 Be4 36. Rc3 Rxd4 37. Rxd4 Rxd4 38. Bb3 Bc6 39. Re3 Rd2
40. Kf1 Rxg2 41. a4 Rd2 42. Ke1 Rd4 43. Bc2 Rxb4 44. Rd3 Kf8 45. Rd8+ Ke7 46.
Rh8 h6 47. Rg8 g6 48. Bxg6 fxg6 49. Rxg6 Re4+ 50. Kf2 Rxe5 51. Rxh6 Rf5+ 52.
Kg1 Bxa4 53. Rh7+ Rf7 54. Rh4 Bb5 55. g4 Bd3 56. g5 c5 57. Rg4 Bg6 58. h4 b5
59. Rg2 Kd6 60. Rh2 Bh5 61. Rg2 c4 62. g6 Rg7 63. Kf2 Rxg6 64. Rh2 Kc5 65. Rh1
a5 66. Ra1 a4 67. Rb1 b4 68. Ra1 a3 69. Ke3 Rg3+ 70. Kd2 c3+ 71. Kc2 Kc4 72.
Re1 Rg2+ 73. Kc1 Kb3 74. Kb1 Rd2 75. Ka1 Rd1+ 76. Rxd1 Bxd1 77. h5 c2 78. h6
c1=R# 0-1

[Event "Youth Classic 2019 - Youth Open U14"]
[Site "Bad Soden, Hasselgrundhalle"]
[Date "2019.10.05"]
[Round "5.4"]
[White "Schmid, Leon"]
[Black "Müller, Maurice-Pascal"]
[Result "0-1"]
[WhiteElo "1546"]
[BlackElo "1683"]
[PlyCount "84"]
[EventDate "2019.??.??"]
[WhiteTeam "SF Heidesheim"]
[BlackTeam "SC Landskrone"]

1. d4 Nf6 2. Bf4 g6 3. e3 Bg7 4. Nf3 O-O 5. c4 d6 6. Nc3 Nbd7 7. Be2 c6 8. O-O
Re8 9. b3 Nf8 10. h3 h5 11. Qd2 N8h7 12. Rfd1 Bf5 13. Bd3 Qc8 14. Qc2 Bxd3 15.
Rxd3 Nd7 16. d5 Nc5 17. Rd2 Ne4 18. Nxe4 Bxa1 19. dxc6 bxc6 20. Neg5 Bg7 21.
Nh4 Nxg5 22. Bxg5 Qe6 23. Bf4 Qf6 24. Nf3 e5 25. Bg5 Qe6 26. Qe4 Rac8 27. b4 f6
28. Bh4 g5 29. Bg3 h4 30. Bh2 f5 31. Qc2 Bf6 32. c5 d5 33. Ne1 d4 34. exd4 exd4
35. Re2 Qxe2 36. Qxe2 Rxe2 37. Nd3 Rd2 38. Ne1 d3 39. Kf1 Rd1 40. f3 d2 41. Kf2
Bd4+ 42. Ke2 dxe1=R# 0-1

[Event "Youth Classic 2019 - Youth Open U14"]
[Site "Bad Soden, Hasselgrundhalle"]
[Date "2019.10.05"]
[Round "5.5"]
[White "Lehmann, Nils"]
[Black "Gold, Jan Christian"]
[Result "1-0"]
[WhiteElo "1629"]
[BlackElo "1430"]
[PlyCount "45"]
[EventDate "2019.??.??"]
[WhiteTeam "SV Lahn Limburg"]
[BlackTeam "Hamburger SK"]

1. e4 e6 2. d4 d5 3. Nd2 c5 4. Ngf3 cxd4 5. Nxd4 dxe4 6. Nxe4 Nf6 7. Nxf6+ Qxf6
8. c3 Bc5 9. Be3 O-O 10. Bd3 Rd8 11. Qh5 h6 12. Qxc5 e5 13. Nb5 Na6 14. Qc4 Be6
15. Qe4 Bd5 16. Qh7+ Kf8 17. O-O Qc6 18. f3 e4 19. fxe4 Bc4 20. Bxc4 Qxc4 21.
Nd4 Qd3 22. Rae1 Nc5 23. Qf5 1-0

[Event "Youth Classic 2019 - Youth Open U14"]
[Site "Bad Soden, Hasselgrundhalle"]
[Date "2019.10.05"]
[Round "5.6"]
[White "Lorenz, Alexander"]
[Black "Miranda Martin, Pablo Mateo"]
[Result "1-0"]
[WhiteElo "1759"]
[BlackElo "1606"]
[PlyCount "37"]
[EventDate "2019.??.??"]
[WhiteTeam "SV Bergwinkel"]
[BlackTeam "SK Gau-Algesheim"]

1. e4 c5 2. Nf3 Nc6 3. d4 cxd4 4. Nxd4 Nf6 5. Nc3 e6 6. Bg5 Be7 7. Nxc6 bxc6 8.
Qd2 O-O 9. Bd3 Qa5 10. O-O Rb8 11. e5 Rxb2 12. exf6 Bb4 13. fxg7 Re8 14. Bxh7+
Kxg7 15. Qd4+ e5 16. Qh4 Re6 17. Bf5 Bxc3 18. Qh7+ Kf8 19. Qh8# 1-0

[Event "Youth Classic 2019 - Youth Open U14"]
[Site "Bad Soden, Hasselgrundhalle"]
[Date "2019.10.05"]
[Round "5.7"]
[White "Dittenberger, Nico"]
[Black "Eull, Emil"]
[Result "1/2-1/2"]
[WhiteElo "1295"]
[BlackElo "1504"]
[PlyCount "95"]
[EventDate "2019.??.??"]
[WhiteTeam "SC Landskrone"]
[BlackTeam "SF Neuberg"]

1. e4 c5 2. Nf3 Nc6 3. d4 cxd4 4. Nxd4 Nf6 5. Nc3 e5 6. Nxc6 bxc6 7. Bc4 Bb4 8.
Bd2 O-O 9. O-O Re8 10. Qf3 d5 11. exd5 cxd5 12. Bxd5 Nxd5 13. Qxd5 Qxd5 14.
Nxd5 Bxd2 15. Nc7 Bg4 16. f3 Bf5 17. Nxa8 Rxa8 18. c3 Rb8 19. Rad1 Be3+ 20. Kh1
f6 21. b3 Rc8 22. c4 Bd4 23. f4 Be6 24. h3 a5 25. Rfe1 Bf7 26. Re2 Ra8 27. g4
a4 28. Rd3 axb3 29. axb3 Ra3 30. fxe5 fxe5 31. Rxe5 Bxe5 32. Rd8+ Be8 33. Rxe8+
Kf7 34. Rxe5 Rxb3 35. Kg2 Rb2+ 36. Kf3 Kf6 37. Rb5 Rh2 38. g5+ Kg6 39. Kg4 Rg2+
40. Kh4 Re2 41. Rb6+ Kf5 42. Kh5 Re4 43. Rb5+ Ke6 44. g6 hxg6+ 45. Kxg6 Rxc4
46. Kxg7 Rh4 47. Rb3 Kf5 48. Rf3+ 1/2-1/2

[Event "Youth Classic 2019 - Youth Open U14"]
[Site "Bad Soden, Hasselgrundhalle"]
[Date "2019.10.05"]
[Round "5.8"]
[White "Strauß, Florian"]
[Black "Welker, Alexandra"]
[Result "1/2-1/2"]
[WhiteElo "1127"]
[BlackElo "1441"]
[PlyCount "39"]
[EventDate "2019.??.??"]
[WhiteTeam "SV Multatuli Ingelheim e.V."]
[BlackTeam "TuS Makkabi"]

1. e4 e5 2. Nf3 Nc6 3. Bc4 Bc5 4. c3 Nf6 5. d4 exd4 6. cxd4 Bb4+ 7. Nc3 d5 8.
exd5 Nxd5 9. Qb3 Na5 10. Qa4+ Bd7 11. Bb5 c6 12. Bd3 Qe7+ 13. Kd2 O-O 14. a3 b5
15. Qc2 Bxc3+ 16. bxc3 h6 17. a4 Qf6 18. axb5 Nb7 19. bxc6 Bxc6 20. Ra6 1/2-1/2

[Event "Youth Classic 2019 - Youth Open U14"]
[Site "Bad Soden, Hasselgrundhalle"]
[Date "2019.10.05"]
[Round "5.9"]
[White "Hery, Bastian"]
[Black "Özyar, Arin"]
[Result "1-0"]
[WhiteElo "1425"]
[BlackElo "1345"]
[PlyCount "41"]
[EventDate "2019.??.??"]
[WhiteTeam "Vorw.Orient Mainz"]
[BlackTeam "SC Bad Soden"]

1. e4 e5 2. Nf3 Nc6 3. Bc4 Bc5 4. c3 Nf6 5. d4 exd4 6. e5 d5 7. Bb5 Ne4 8. cxd4
Bb4+ 9. Bd2 Nxd2 10. Nbxd2 Bd7 11. a3 Bxd2+ 12. Qxd2 Nxe5 13. Qe2 Bxb5 14.
Qxb5+ Nd7 15. Qxd5 c6 16. Qb3 Qa5+ 17. Kd1 Nb6 18. Re1+ Kf8 19. Qe3 Qa4+ 20. b3
Qb5 21. Qe7+ 1-0

[Event "Youth Classic 2019 - Youth Open U14"]
[Site "Bad Soden, Hasselgrundhalle"]
[Date "2019.10.05"]
[Round "5.10"]
[White "Akhmatovski, Maxim"]
[Black "Trenz, Finn"]
[Result "1/2-1/2"]
[WhiteElo "1359"]
[BlackElo "1471"]
[PlyCount "66"]
[EventDate "2019.??.??"]
[WhiteTeam "SV Oberursel"]
[BlackTeam "SK Gau-Algesheim"]

1. e4 e5 2. Nf3 Nc6 3. Bc4 Bc5 4. d3 d6 5. h3 Be6 6. Bxe6 fxe6 7. O-O Qd7 8. c3
O-O-O 9. b4 Bb6 10. a4 a5 11. Qb3 h6 12. Nbd2 axb4 13. cxb4 Nd4 14. Nxd4 Bxd4
15. Ra2 d5 16. Bb2 dxe4 17. dxe4 Nf6 18. Rc1 Bxf2+ 19. Kxf2 Qxd2+ 20. Kg1 Qd6
21. Qc4 Rd7 22. Bc3 Qd3 23. Qxd3 Rxd3 24. Bxe5 c6 25. Rc4 Kd7 26. b5 Rc8 27.
Rf2 cxb5 28. Rxc8 Kxc8 29. axb5 Rd1+ 30. Kh2 Nxe4 31. Rc2+ Kd8 32. Re2 Nd2 33.
Kg3 Nc4 1/2-1/2

[Event "Youth Classic 2019 - Youth Open U14"]
[Site "Bad Soden, Hasselgrundhalle"]
[Date "2019.10.05"]
[Round "5.11"]
[White "Papadopoulos, Leon"]
[Black "Fischer, Juliane"]
[Result "1-0"]
[WhiteElo "1388"]
[BlackElo "1405"]
[PlyCount "59"]
[EventDate "2019.??.??"]
[WhiteTeam "SV Oberursel"]
[BlackTeam "SK Gernsheim"]

1. e4 e5 2. Nf3 Nc6 3. Bc4 Bc5 4. O-O Nf6 5. d4 exd4 6. e5 d5 7. exf6 dxc4 8.
Re1+ Be6 9. Ng5 Qxf6 10. Nxe6 fxe6 11. Qh5+ Kd7 12. Qxc5 Rhf8 13. f3 Rad8 14.
Bg5 Qg6 15. Bxd8 Nxd8 16. Qxf8 Qxc2 17. Qxg7+ Kc8 18. Qxd4 Nc6 19. Qc3 Qa4 20.
Na3 b5 21. Rad1 Na5 22. Qh8+ Kb7 23. Qxh7 b4 24. Nc2 Qxa2 25. Rd7 Qxb2 26.
Rxc7+ Kb6 27. Rxe6+ Kb5 28. Qd7+ Nc6 29. Qxc6+ Ka5 30. Qa6# 1-0